| 000 | 00995nam a2200229Ia 4500 | ||
|---|---|---|---|
| 001 | L000-24 | ||
| 003 | IT-CnALBA | ||
| 008 | 170116s9999||||xx |||||||||||||| ||und|| | ||
| 040 |
_aIT-CnALBA _cIT-CnALBA |
||
| 041 | _aLATINO | ||
| 100 | _aDE GUIBERT JOSEPHUS | ||
| 245 | 0 | _aBREVES ADNOTATIONES IN CURSUM METHODOLOGIAE GENERALIS | |
| 250 | _a2a ed. | ||
| 260 |
_aROMA _bGREGORIANA PONTIFICIA UNIVERSITÀ _c1944 [1° Ed.:1944 - Ed.Ling.Originale: 1944] |
||
| 300 | _a95 p. | ||
| 500 | _aMETODOLOGIA. TEMA. RICERCA SCIENTIFICA. CRITICA. SINTESI. SOLUZIONE. MONOGRAFIA SCIENTIFICA. STILE. LIBRI. PERIODICI. OPERE COLLETTIVE. TRADUZIONI. | ||
| 501 | _aSocietà San Paolo EM - Piazza San Paolo, 14 - 12051 ALBA (CN) (non commercial uses only) ® Copyright 2017 | ||
| 520 | _aMETODOLOGIA. TEMA. RICERCA SCIENTIFICA. CRITICA. SINTESI. SOLUZIONE. MONOGRAFIA SCIENTIFICA. STILE. LIBRI. PERIODICI. OPERE COLLETTIVE. TRADUZIONI. | ||
| 650 | _aGENERALITÀ | ||
| 942 | _cBK | ||
| 957 | _71 | ||
| 999 |
_a33 _bSI _g Copie: 1 _c259261 _d259261 |
||